An introduction to metamaterials and waves in composites / (Record no. 20303)
[ view plain ]
| 000 -LEADER | |
|---|---|
| fixed length control field | 00938cam a22002655a 4500 |
| 001 - CONTROL NUMBER | |
| control field | 16862685 |
| 005 - DATE AND TIME OF LATEST TRANSACTION | |
| control field | 20160117152437.0 |
| 008 - FIXED-LENGTH DATA ELEMENTS--GENERAL INFORMATION | |
| fixed length control field | 110708t2011 flua frb 001 0 eng d |
| 020 ## - INTERNATIONAL STANDARD BOOK NUMBER | |
| International Standard Book Number | 9781439841570 |
| 020 ## - INTERNATIONAL STANDARD BOOK NUMBER | |
| International Standard Book Number | 1439841578 |
| 040 ## - CATALOGING SOURCE | |
| Original cataloging agency | DLC |
| Transcribing agency | DLC |
| Modifying agency | YDX |
| -- | BTCTA |
| -- | YDXCP |
| -- | BWX |
| -- | DLC |
| -- | EG-ScBUE |
| Language of cataloging | eng |
| 082 04 - DEWEY DECIMAL CLASSIFICATION NUMBER | |
| Classification number | 620.118 |
| Edition number | 22 |
| Item number | BAN |
| 100 1# - MAIN ENTRY--PERSONAL NAME | |
| Personal name | Banerjee, Biswajit. |
| 9 (RLIN) | 39061 |
| 245 13 - TITLE STATEMENT | |
| Title | An introduction to metamaterials and waves in composites / |
| Statement of responsibility, etc | Biswajit Banerjee. |
| 260 ## - PUBLICATION, DISTRIBUTION, ETC. (IMPRINT) | |
| Place of publication, distribution, etc | Boca Raton : |
| Name of publisher, distributor, etc | CRC Press / Taylor & Francis Group, |
| Date of publication, distribution, etc | c.2011. |
| 300 ## - PHYSICAL DESCRIPTION | |
| Extent | xiii, 361 p. : |
| Other physical details | ill. ; |
| Dimensions | 24 cm. |
| 500 ## - GENERAL NOTE | |
| General note | Index : p. 355-361. |
| 504 ## - BIBLIOGRAPHY, ETC. NOTE | |
| Bibliography, etc | Bibliography : p. 339-353. |
| 590 ## - LOCAL NOTE (RLIN) | |
| Local note | Sara elBakry |
| 650 #7 - SUBJECT ADDED ENTRY--TOPICAL TERM | |
| Topical term or geographic name as entry element | Vibration |
| General subdivision | Mathematical models. |
| Source of heading or term | BUEsh |
| 9 (RLIN) | 30966 |
| 650 #7 - SUBJECT ADDED ENTRY--TOPICAL TERM | |
| Topical term or geographic name as entry element | Metamaterials |
| General subdivision | Acoustic properties. |
| Source of heading or term | BUEsh |
| 9 (RLIN) | 39062 |
| 650 #7 - SUBJECT ADDED ENTRY--TOPICAL TERM | |
| Topical term or geographic name as entry element | Wave mechanics |
| General subdivision | Mathematics. |
| Source of heading or term | BUEsh |
| 9 (RLIN) | 39063 |
| 653 ## - INDEX TERM--UNCONTROLLED | |
| Resource For college | Engineering, General |
| Arrived date list | July2015 |
| -- | January2016 |
| 942 ## - ADDED ENTRY ELEMENTS (KOHA) | |
| Source of classification or shelving scheme | Dewey Decimal Classification |
| Withdrawn status | Lost status | Source of classification or shelving scheme | Damaged status | Not for loan | Koha collection | Home library | Current library | Shelving location | Date acquired | Source of acquisition | Cost, normal purchase price | Serial Enumeration / chronology | Total Checkouts | Full call number | Barcode | Date last seen | Cost, replacement price | Koha item type |
|---|---|---|---|---|---|---|---|---|---|---|---|---|---|---|---|---|---|---|
| Dewey Decimal Classification | Baccah | Central Library | Central Library | First floor | 08/07/2015 | Purchase | 612.00 | 21782 | 620.118 BAN | 000039468 | 15/07/2025 | 765.00 | Book - Borrowing |